Statistics for Yardage Leaders of all 32 NFL Teams of All Time

Click here to take the quiz!

General Stats

  • This quiz has been taken 1,008 times
    (940 since last reset)
  • The average score is 54 of 96

Answer Stats

TeamYardageAnswer% Correct
ReceivingCalvin Johnson
89%
GiantsPassingEli Manning
89%
ColtsPassingPeyton Manning
89%
ReceivingAndre Johnson
88%
ReceivingChad Johnson
88%
RushingEmmitt Smith
88%
ReceivingJimmy Smith
88%
ReceivingRod Smith
88%
ReceivingSteve Smith Sr.
88%
PatriotsPassingTom Brady
88%
RushingWalter Payton
87%
RushingJim Brown
84%
ReceivingTim Brown
84%
ReceivingJerry Rice
83%
BroncosPassingJohn Elway
83%
SaintsPassingDrew Brees
82%
RushingBarry Sanders
81%
DolphinsPassingDan Marino
81%
ChargersPassingPhillip Rivers
81%
49ersPassingJoe Montana
80%
LionsPassingMatthew Stafford
80%
PackersPassingBrett Favre
79%
PanthersPassingCam Newton
78%
BearsPassingJay Cutler
78%
FalconsPassingMatt Ryan
78%
RushingFranco Harris
77%
CowboysPassingTony Romo
77%
BillsPassingJim Kelly
76%
RushingLaDainian Tomlinson
74%
RavensPassingJoe Flacco
73%
RushingThurman Thomas
72%
SteelersPassingBen Roethlisberger
71%
ReceivingMarvin Harrison
71%
Titans/OilersPassingWarren Moon
71%
ReceivingLarry Fitzgerald
70%
RushingAdrian Peterson
69%
RushingMarcus Allen
69%
EaglesPassingDonovan McNabb
68%
JetsPassingJoe Namath
68%
RushingAhman Green
66%
RushingTerrell Davis
64%
RushingFrank Gore
63%
RushingSteven Jackson
63%
ReceivingCris Carter
60%
VikingsPassingFrank Tarkenton
59%
ReceivingAndre Reed
58%
RushingLeSean McCoy
58%
ReceivingMike Evans
58%
ReceivingSteve Largent
57%
ReceivingAntonio Gates
56%
RushingEdgerrin James
56%
TexansPassingMatt Schaub
56%
RushingTiki Barber
56%
RushingCurtis Martin
55%
RushingJammal Charles
54%
BengalsPassingKen Anderson
53%
RushingOttis Anderson
53%
RushingShaun Alexander
53%
ReceivingRoddy White
52%
ReceivingTony Gonzalez
51%
ReceivingHines Ward
50%
ReceivingIsaac Bruce
50%
RushingArian Foster
49%
RushingJamal Lewis
49%
ChiefsPassingLen Dawson
47%
RushingFred Taylor
46%
JaguarsPassingMark Brunell
46%
ReceivingDonald Driver
45%
RushingCorey Dillon
42%
RushingEddie George
40%
ReceivingJason Witten
40%
ReceivingMarques Colston
40%
RushingJohn Riggins
39%
RedskinsPassingJoe Theismann
38%
RushingJohnathan Stewart
38%
RaidersPassingKen Stabler
38%
SeahawksPassingMatt Hasselbeck
36%
RushingLarry Csonka
33%
ReceivingArt Monk
31%
BrownsPassingBrian Sipe
29%
CardinalsPassingJim Hart
26%
ReceivingHarold Carmichael
25%
RamsPassingJim Everett
25%
ReceivingMark Duper
24%
ReceivingOzzie Newsome
22%
RushingSam Cunningham
22%
ReceivingAmani Toomer
21%
ReceivingDerrick Mason
20%
RushingDeuce McAllister
20%
ReceivingDon Maynard
16%
ReceivingJohnny Morris
16%
RushingGerald Riggs
12%
ReceivingStanley Morgan
12%
RushingJames Wilder
11%
ReceivingErnest Givins
6%
BuccaneersPassingVinny Testeverde
0%

Score Distribution

Percentile by Number Answered

Percent of People with Each Score

Your Score History

You have not taken this quiz since the last reset